000
00283nam a22001337a 4500
008
170529b xxu||||| |||| 00| 0 eng d
020
_a
9780763795115
041
_a
eng
080
_a
007
100
_a
27
101
_a
IM
245
_a
CYBERETHICS
_c
SPINELLO, R.A
942
_2
udc
_c
BK
999
_c
14733
_d
14733